| 000 | 00426nam a22001577a 4500 | ||
|---|---|---|---|
| 003 | OSt | ||
| 005 | 20231121110344.0 | ||
| 008 | 201005b xxu||||| |||| 00| 0 eng d | ||
| 020 | _a9789388821351 | ||
| 040 | _cIIMT UNIVERSITY MEERUT | ||
| 100 | _aKHAN M.N | ||
| 245 | _aDISEASES OF FIELD & HORTICULTURAL CROPS AND THEIR MANAGEMENT | ||
| 260 |
_aMEERUT _bRAMA PUBLICATION MEERUT _c2020 |
||
| 300 | _a160 | ||
| 942 |
_2ddc _c02 |
||
| 999 |
_c50175 _d50175 |
||